Pays qui possédaient Pristina à travers l'histoire - Statistiques

Statistiques générales
  • Ce quiz a été pris 38 fois
  • Le résultat moyen est 13 sur 21
Statistiques - réponses
Période Pays % Correct
2008 - Aujourd'hui (Disputé) Kosovo
94%
1402 - 1454 Despotat de Serbie
92%
1346 - 1371 Empire serbe
92%
1992 - 2003 RF de Yougoslavie
92%
1945 - 1992 RFS de Yougoslavie
92%
1914 - 1919 Royaume de Serbie
92%
1929 - 1940 Royaume de Yougoslavie
92%
2006 - 2008/Aujourd'hui (Disputé) Serbie
92%
1454 - 1914 Empire Ottoman
75%
98 - 395 Empire Romain
72%
1915 - 1918 Empire Allemand
67%
1940 - 1943 Royaume d'Italie
61%
395 - 1204 Empire Byzantin
58%
1227 - 1346 Empire Byzantin
58%
1943 - 1945 Royaume d'Albanie
58%
1915 - 1918 Empire d'Autriche-Hongrie
53%
1915 - 1918 Royaume de Bulgarie
44%
2003 - 2006 Serbie-et-Monténégro
31%
1919 - 1929 Royaume des Serbes, Croates et Slovènes
19%
1204 - 1227 Despotat d'Épire
6%
1371 - 1402 Despotat de Vuk Branković
3%
Aucun quiz correspondant
Distribution des résultats
% des personnes avec chaque résultat
Percentile par nombre de réponses
Votre historique - résultats
Vous n’avez pas pris ce quiz